20 największych zawodów WCA w Polsce w 2023 roku - Statystyki

Ogólne statystyki
  • Ten quiz został rozwiązany 5 razy
  • Średni wynik to 13 z 20
Statystyki odpowiedzi
Liczba zawodników Zawody % Poprawnych
198 Polish Championship 2023
100%
118 Energy Cube Ciechanów 2023
80%
136 Energy Cube Koło 2023
80%
143 Energy Cube Konin 2023
80%
140 Energy Cube Tomaszów Mazowiecki 2023
80%
129 GLS Final 2023
80%
114 GLS I 2023
80%
127 GLS II 2023
80%
128 GLS III 2023
80%
124 GLS IV 2023
80%
124 GLS V 2023
80%
148 Cube4fun Double Weekend Warsaw 2023
60%
131 Cube4fun in Warsaw 2023
60%
120 Dragon Cubing 2023
60%
135 Dragon Cubing II 2023
60%
113 Żmigród Open 2023
60%
112 Cube4fun Wisła Masters 2023
40%
147 Warsaw Cube Masters 2023
40%
115 Beskid Cubing 2023
20%
112 Cube4fun Cubers Eve Tarnowskie Góry 2023
20%
Nie znaleziono quizów pasujących do podanych kryteriów
Rozkład punktacji
Procent ludzi z każdym wynikiem
Percentyl według liczby udzielonych odpowiedzi
Twoja historia wyników
Nie rozwiązałeś tego quizu